[Event "POL-ch 60th"]
[Site "Warsaw"]
[Date "2003.04.22"]
[Round "1"]
[White "Macieja, Bartlomiej"]
[Black "Jaracz, Pawel"]
[Result "1/2-1/2"]
[WhiteElo "2634"]
[BlackElo "2549"]
[Annotator "Ribli,Z"]
[PlyCount "114"]
[EventDate "2003.04.22"]
[EventType "tourn"]
[EventRounds "13"]
[EventCountry "POL"]
[EventCategory "12"]
[SourceTitle "CBM 095"]
[Source "ChessBase"]
[SourceDate "2003.07.25"]
[SourceVersion "1"]
[SourceVersionDate "2003.07.25"]
[SourceQuality "1"]

1. e4 c5 2. Nf3 e6 3. d4 cxd4 4. Nxd4 Nc6 5. Nc3 Qc7 {Grossmeister Macieja
spielt diese Variante auch gern mit Schwarz.} 6. Be3 a6 7. Qd2 Nf6 8. O-O-O Bb4
9. f3 Ne5 10. Nb3 b5 11. Kb1 (11. Bd4) 11... Be7 {Schwarz geht mit dem Laufer
zurueck - das ist ein bekanntes Motiv in dieser Variante. Die wichtige Ursache
des Lauferzugs ist die weisse Drohung 12.Nxb5.} (11... Nc4 $6 12. Bxc4 bxc4 13.
Nc1 (13. Nd4) 13... Qb7 14. N1e2 Rb8 $6 15. b3 e5 (15... O-O 16. Bf4 Ra8 17.
Bd6 Bxd6 18. Qxd6 cxb3 19. axb3 a5 20. Rd4 {1-0 Topalov,V-Lutz,C/Dortmund 2002/
CBM 90 (34)}) 16. Bg5 Ng8 17. f4 f6 18. fxe5 fxg5 19. Qxg5 {1-0 Luther,T-Rojo
Huerta,G/Pontevedra 2002/EXT 2003 (28)}) (11... Bxc3 12. Qxc3 $5 $14 (12. bxc3
Nc4 $132)) 12. Qf2 d6 13. h4 {Gewoehnlich spielt man hier den anderen
Bauernzug - 13.g4.} (13. g4 Nfd7 14. Rg1 (14. g5 Bb7 15. a3 O-O 16. Rg1 Rfc8
17. h4 Nc4 18. Bxc4 bxc4 19. Nc1 Rab8 {1/2-1/2 Nevednichy,V-Delchev,A/Creon
2001/EXT 2002 (19)}) 14... Bb7 15. g5 Rc8 16. a3 Nc4 17. Bxc4 bxc4 18. Nd4 Rb8
19. h4 d5 20. exd5 Bxd5 21. Nxd5 exd5 22. Rge1 O-O 23. Bf4 Rxb2+ 24. Kxb2 Bxa3+
25. Kxa3 Qa5+ {0-1 Kasimdzhanov,R-Ye Jiangchuan/Bled 2002/EXT 2003 (52)}) 13...
h5 $5 $13 {[%mdl 4] Schwarz hat keine Angst vor der Schwachung des
Koenigsfluegels, mit diesem Zug verhindert er die Moeglichkeit g2-g4.} (13...
Nfd7 $5 {Dieser Springerzug ebenso, wie nach 13.g4, kommt in Betracht.}) 14.
Qg3 (14. Rg1 $5) 14... b4 15. Ne2 (15. Na4 Nfd7 $1 $13 (15... Rb8 16. Bf4 Bd7
17. Nac5 $16) 16. Qxg7 $2 Bf6 17. Qg3 Qc6 {[%csl Ra4][%cal Rc6a4]}) 15... Nc4
16. Bf2 (16. Bg5) 16... O-O {Mit dem Zugpaar h4-h5 ist es gewoehnlich riskant,
kurz zu rochieren, aber hier kann Weiss nicht g2-g4 spielen.} 17. Ned4 Bd7 $15
{[%cal Ga6a5,Ga5a4] Schwarz hat eine bequeme Stellung und bereitet den Plan
a6-a5-a4 vor. Mit dem Textzug verteidigt sich Schwarz gegen Nb5 im Falle von
a6-a5.} 18. Nd2 (18. Bxc4 Qxc4 19. Nd2 Qc7 20. Nf1 Rfc8 21. Ne3 a5 $15) 18...
Nxd2+ (18... Ne5 $15) 19. Rxd2 e5 20. Nf5 (20. Nb3 a5 $40) 20... Bxf5 21. exf5
a5 {Weiss hat das Lauferpaar, aber die weissen Laufer haben keine aktiven
Diagonalen.} (21... d5 $15) 22. Be3 {[%cal Ge3h6]} Kh8 {Mit diesem Koenigszug
vermeidet Schwarz die Moeglichkeit Bh6.} 23. Be2 (23. Bg5 a4 $36) 23... a4 24.
Rd3 Rac8 (24... d5 $15) 25. Rc1 d5 (25... a3 $15) 26. Bd2 Qb8 (26... Bc5 $15)
27. Qe1 a3 28. Rb3 (28. bxa3 bxa3+ 29. Rb3 Qc7 $17) 28... axb2 29. Rxb2 Qa7 (
29... d4 $17 {[%cal Gf6d5,Gd5c3]}) 30. Bd3 Bc5 31. Bxb4 e4 (31... Bxb4 $1 32.
Qxb4 d4 $17 {[%cal Rf6d5,Rd5c3]} 33. Qe1 $17 (33. Be4 Rb8 $19)) 32. fxe4 dxe4
33. Bc4 Bxb4 34. Rxb4 Rxc4 $6 {[%mdl 512] Schwarz opfert die Qualitaet und
vernichtet eine weisse Schluesselfigur in der Verteidigung. Das Opfer fuehrt
zu interessantem Spiel, aber dieses Opfer war gar nicht angezeigt.} (34... Qc5
{[%cal Rc5b4,Rc5f5]} 35. Bb3 Qxf5 $15) 35. Rxc4 Ra8 36. a4 Qd7 $44 {[%cal
Gd7a4,Gd7f5] Schwarz hat Qualitaet und Bauern weniger, aber die weisse
Koenigs- und Bauernstellung ist geschwaecht, so dass Schwarz ausreichende
Kompensation hat.} 37. Qb4 (37. Rd1 Qxf5 $44) 37... Qxf5 38. Qb7 Re8 $5 {
[%csl Ge4] Der Stolz der schwarzen Stellung ist der e-Bauer. Schwarz
unterstuetzt den e-Bauer und lasst den f7-Bauern unverteidigt.} (38... Rf8 $44)
39. Qxf7 e3 40. Rc7 Qg4 {[%csl Rb1,Ge3,Gg4]} 41. Qc4 $2 (41. Rb7 $1 $36 {
Auf diese Weise kann Weiss sich im folgenden gegen Qb4+ verteidigen.}) 41...
Re4 {[%cal Rg4a4]} 42. Qc5 e2 $1 (42... Rb4+ 43. Ka2 Rxa4+ 44. Kb3 Ra8 $44) 43.
Re1 Rb4+ 44. Ka2 Rxa4+ 45. Kb2 (45. Kb3 Ra8 $40) 45... Rb4+ 46. Ka3 Rb8 $40 {
Schwarz hat gefaehrlichen Angriff, der weisse Koenig steht unsicher.} (46...
Ra4+ 47. Kb3 Ra8 $40) 47. c3 $2 (47. Rc6 $142) 47... Ne4 $2 (47... Qe6 $1 {
[%csl Ra3][%cal Re6a6,Ra6a3,Re6b3,Rb3a3] Nach diesem Zug kann Weiss sich nicht
gegen die vielseitigen Drohungen verteidigen.} 48. Qc4 Qd6+ 49. Rc5 Rc8 $19)
48. Qd4 (48. Qa7 $142) 48... Qg3 49. Rd7 $2 (49. Rc6 $1 Qxe1 50. Rh6+ Kg8 51.
Qd5+ Kf8 52. Rh8+ Ke7 53. Qxe4+ Kd7 54. Qf5+ Ke7 (54... Kc6 55. Qe6+ Kc7 56.
Qe5+ $18) 55. Qe5+ Kf7 56. Rxb8 Qa1+ 57. Kb4 Qb1+ 58. Kc4 Qxb8 59. Qxh5+ Kg8
60. Qxe2 $16) 49... Nxc3 $19 {[%csl Ra3][%cal Rg3a3]} 50. Rd8+ Rxd8 $6 (50...
Kh7 $1 51. Qd3+ (51. Rxb8 Nb5+ $19 {[%cal Rb5a3,Rb5d4,Rg3a3]}) 51... Qxd3 52.
Rxd3 Rb1 $19) 51. Qxd8+ Kh7 52. Qc8 (52. Qg5 Nb5+ 53. Ka4 Qxg5 54. hxg5 Nd4 {
[%csl Ra4,Gd4] Der Springer steht ausgezeichnet auf d4 - Weiss kann nicht Ka3
und Kb4 ziehen wegen Nc2+.} 55. Ka5 Kg6 56. Kb6 Kf5 57. Kc5 Ke4 $19) 52... Nd5+
$4 (52... Ne4+ $1 53. Kb2 Qxe1 54. Qf5+ Kg8 55. Qd5+ (55. Qxe4 Qd2+ 56. Kb3
e1=Q $19) 55... Kf8 56. Qf5+ Nf6 $19) 53. Kb2 Qxe1 $6 (53... Qe5+ $5 54. Kb1
Nb4 {[%csl Rb1]} 55. Rxe2 Qxe2 56. Qf5+ Kg8 57. Qc8+ Kf7 58. Qf5+ Ke8 59. Qc8+
Ke7 60. Qc5+ Ke6 61. Qxb4 Qf1+ 62. Kc2 Qxg2+ $17) 54. Qf5+ $11 {[%cal Rf5h7,
Rf5d5]} Kg8 55. Qxd5+ Kf8 56. Qf5+ Ke7 57. Qe5+ Kd8 1/2-1/2

[Event "Bundesliga 0405"]
[Site "Germany"]
[Date "2004.11.28"]
[Round "4.3"]
[White "Medvegy, Zoltan"]
[Black "Pelletier, Yannick"]
[Result "1-0"]
[WhiteElo "2467"]
[BlackElo "2589"]
[Annotator "Ribli,Z"]
[PlyCount "105"]
[EventDate "2004.11.12"]
[EventType "team-tourn"]
[EventRounds "15"]
[EventCountry "GER"]
[SourceTitle "CBM 105"]
[Source "ChessBase"]
[SourceDate "2005.04.11"]
[SourceVersion "1"]
[SourceVersionDate "2005.04.11"]
[SourceQuality "1"]
[WhiteTeam "Eppingen"]
[BlackTeam "Werder Bremen"]
[WhiteTeamCountry "GER"]
[BlackTeamCountry "GER"]

1. e4 c5 2. Nc3 e6 3. Nf3 Nc6 4. d4 cxd4 5. Nxd4 Qc7 6. Be3 Nf6 {Der schweizer
Großmeister spielt gern diese Fortsetzung, aber die Alternative 6...a6 ist
viel populärer.} 7. Qd2 (7. Ndb5 $5) 7... Bb4 8. f3 Nxd4 9. Qxd4 Bxc3+ 10. Qxc3
$5 {[%mdl 4] In anderen Stellungen der Variante nimmt Weiß mit der Dame auf c3
(z.B. in der Variante 6...a6 7.Qd2 Nf6 8.0-0-0 Bb4 9.f3 Ne5 10.Nb3 b511.Qe1
Bxc3 12.Qxc3 Qxc3 13.bxc3) , aber in dieser konkreten Stellung ist die
Partiefortsetzung neu.} (10. bxc3 e5 $5 (10... b6 11. Be2 d5 12. e5 Nd7 13. f4
Bb7 14. O-O Rc8 15. Bd2 Qc5 16. Bd3 Nb8 17. a4 Ba6 {1/2-1/2 Arakhamia Grant,
K-Lakos,N/Bled 2002/EXT 2003 (44)}) (10... d5 $2 11. exd5 exd5 12. Bd3 {
[%csl Gd3,Ge3]} O-O 13. O-O Be6 14. Qh4 $16 {[%csl Gd3,Ge3,Rg8,Gh4][%cal Ge3d4,
Gd4g7,Gd3h7]} Rfe8 15. Bd4 Qe7 16. Rae1 $1 {[%cal Ge1e7]} h6 17. Bb5 Rec8 18.
f4 Qc7 19. f5 $18 Bd7 20. Bxd7 {1-0 Almasi,Z-Savchenko,S/Germany 2004/CBM 101/
[Ribli] (20)}) (10... O-O 11. Qc5 (11. c4 d6 12. O-O-O e5 13. Qxd6 Qxd6 14.
Rxd6 Be6 15. Be2 Rfc8 16. Rhd1 Kf8 17. Kb2 Ne8 18. R6d2 Bxc4 19. Bxc4 Rxc4 20.
Rd8 Rxd8 21. Rxd8 b6 22. Ra8 Rc7 {1/2-1/2 Marzolo,C-Pira,D/Paris 2003 (50)})
11... Qb8 12. Bg5 b6 13. Qd4 e5 14. Qd2 Bb7 15. Bc4 Qc7 16. Bb3 Ba6 17. O-O-O
Rac8 18. Kb2 Rfd8 19. Rhe1 Bc4 20. Re3 d5 $36 {1-0 Pikula,D-Miljkovic,M/
Belgrade SCG 2004/(39) Zeit}) 11. Qb4 d6 12. O-O-O O-O 13. Rxd6 Be6 14. Be2 (
14. c4 Rfc8 15. Be2 {1/2-1/2 Bezemer,A-Savchenko,S/Dieren NED 2004/(15)}) 14...
Rfc8 15. Rhd1 Ne8 16. R6d2 h6 17. c4 b6 18. g3 Qc6 19. Qb5 Bxc4 20. Bxc4 Qxc4
21. Qb3 Rc7 {1/2-1/2 Fressinet,L-Bauer,C/Paris FRA 2004/(41)}) 10... Qxc3+ 11.
bxc3 d5 (11... d6 $5 {Dieser Zug kommt stark in Betracht, im Folgenden bekommt
Schwarz ein elastisches Spiel.}) 12. e5 Nd7 13. f4 {Diese Stellung errinert
mich an die Französische Verteidigung - der c8B ist eingeschlossen und Weiß
hat Raumvorteil, aber die schwarze Zentrumstellung ist fest.} Nb6 14. Bd3 (14.
a4 Bd7 15. a5 Nc4 16. Bxc4 dxc4 $11) 14... Bd7 15. Ke2 Na4 $6 {Schwarz greift
den c3-Bauern an, aber der Springer steht nicht so gut auf a4.} (15... Nc4 $11)
16. Kd2 O-O 17. Rab1 b6 18. Bd4 $14 {[%csl Gd3,Gd4] Weiß hat das Läuferpaar
und der d4B steht besonders stark und dominiert in der Stellung.} (18. c4 dxc4
19. Bxc4 Bc6 $11) 18... Rac8 19. h4 $1 {Weiß hat Raumvorteil am Königsflügel
und mit dem Textzug mobilisiert er seine Reserven - wenn die schwarze Stellung
fest ist, hat er kein Gegenspiel.} Nc5 20. h5 (20. g4 $14) 20... f5 $8 {
Schwarz muss so spielen, sonst bleibt er in der passiven Stellung.} 21. exf6
gxf6 22. Rbe1 Rce8 23. g4 {[%csl Gf4,Gg4]} Ne4+ 24. Bxe4 (24. Kc1 e5 25. fxe5
fxe5 26. Bxe4 dxe4 27. Be3 $11) 24... dxe4 25. Rhg1 (25. Rxe4 $4 Bc6 $19) (25.
c4 e5 26. fxe5 fxe5 27. Be3 Rc8 28. c5 bxc5 29. g5 $11) 25... e5 26. fxe5 fxe5
27. Be3 Rf3 $11 {[%csl Gf3]} 28. Ref1 Ref8 29. Rxf3 exf3 30. g5 {[%mdl 4096]}
Bf5 $6 (30... Be8 $1 31. Rh1 $11) 31. c4 Be4 32. Bf2 Rc8 33. c5 Bf5 $2 (33...
bxc5 34. Re1 Rd8+ 35. Kc3 Bd5 36. Rxe5 Bxa2 37. Rxc5 Bf7 $11) 34. Re1 $1 e4 (
34... bxc5 $142 35. Rxe5 Bg4) 35. cxb6 axb6 36. Bxb6 $16 {[%csl Gb6][%cal
Gb6f2] Weiß hat einen Bauern mehr und die schwarzen Bauern auf e4 und f3 sind
gut blockiert von dem b6-Läufer.} Rc4 (36... e3+ 37. Kxe3 Rxc2 38. a4 Ra2 39.
a5 Bg4) 37. Be3 Bg4 38. h6 Rc6 39. Rb1 {[%csl Gb1,Ge3][%cal Rb1b8,Rb8g8] Weiß
hat nur einen Bauern mehr, aber seine Figuren stehen viel aktiver.} Rd6+ 40.
Ke1 Kf7 41. Rb7+ Bd7 (41... Rd7 42. Rb6 $16) 42. a4 {Der weiße entfernte
Freibauer entscheidet die Partie.} Kg6 43. a5 Bf5 44. Rb6 $1 Rxb6 45. axb6 $18
{[%csl Gb6]} Bc8 46. c4 Bb7 47. c5 Bc6 48. Kd2 Kf5 49. Kc3 {Die weiße Drohung
ist Kb4-Ka5-Ka6 und wenn Schwarz Bb7 spielt, dann kommt Kb5 mit Gewinn.} f2 50.
Bxf2 Kxg5 51. Kb4 Kf4 52. Ka5 e3 (52... e3 53. Be1 (53. Bxe3+ $4 Kxe3 54. Ka6
Kd4 55. b7 Bxb7+ 56. Kxb7 Kxc5 $11) 53... Ke4 54. Ka6 Kd5 55. b7 Bxb7+ 56. Kxb7
Kxc5 57. Kc7 $18) 53. Be1 1-0

[Event "YUG-ch 57th"]
[Site "Banja Koviljaca"]
[Date "2002.03.18"]
[Round "3"]
[White "Pikula, Dejan"]
[Black "Damljanovic, Branko"]
[Result "1-0"]
[WhiteElo "2466"]
[BlackElo "2545"]
[Annotator "Ribli,Z"]
[PlyCount "123"]
[EventDate "2002.03.16"]
[EventType "tourn"]
[EventRounds "13"]
[EventCountry "YUG"]
[EventCategory "10"]
[SourceTitle "CBM 089"]
[Source "ChessBase"]
[SourceDate "2002.08.12"]
[SourceVersion "1"]
[SourceVersionDate "2002.08.12"]
[SourceQuality "1"]

1. e4 c5 2. Nf3 Nc6 3. d4 cxd4 4. Nxd4 e6 5. Nc3 a6 6. Be3 Qc7 7. Qd2 {Dieser
Aufbau in letzter Zeit sehr populär. Der weiße Plan ist einfach: lange Rochade
nebst f3 und g4 mit Angriff.} b5 {Dieser Zug ist typisch für die Paulsen
Variante (Schwarz entwickelt zuerst den Damenflügel und erst danach den
Königsflügel). Die Alternative 7...Nf6 wird in unserer Stellung aber häufiger
gespielt.} 8. O-O-O (8. Nxc6 Qxc6 9. Bd3 Bb7 (9... Nf6 $6 10. e5 b4 11. exf6
bxc3 12. Qxc3 Qxc3+ 13. bxc3 gxf6 14. Rb1 Bd6 15. Kd2 $14) 10. e5 Bb4 (10...
Qxg2 11. O-O-O $44) 11. Bd4 Ne7 $13) 8... Nxd4 (8... Bb7 9. f3 (9. Nxc6 Bxc6
10. Nd5 Bxd5 11. exd5 Nf6 12. d6 Qc6 13. Be2 Qxg2 14. f3 Nd5 15. Rdg1 Qh3 16.
Rg3 Qh4 17. Rg4 Qd8 18. Bc5 Rc8 19. b4 h5 20. Rd4 Nf6 21. a4 $44 {1/2-1/2 Leko,
P-Movsesian,S/Las Vegas 1999/CBM 72 (54)}) 9... Rc8 10. Ndxb5 axb5 11. Nxb5 Qd8
12. Bb6 Qe7 13. Bc7 Rxc7 14. Nxc7+ Kd8 15. Nb5 Nf6 16. e5 Ne8 17. f4 {1-0
Frolov,A-Horvath,G/HUN 1994/TD (49)}) (8... Ne5 9. Bf4 b4 10. Nce2 Nf6 11. Nf3
Nxf3 12. gxf3 Qa5 13. Kb1 d5 14. Bg5 Bb7 15. e5 Nd7 16. Nd4 h6 17. Bh4 Qc7 {
0-1 Saldano,H-Rodriguez Guerrero,E/Mancha Real 2001/CBM 83 ext (54)}) 9. Qxd4 (
9. Bxd4 Ne7 10. Qe3 Rb8 11. Kb1 d6 12. f4 Nc6 13. g4 Nxd4 14. Qxd4 Qb6 15. Qd3
Be7 16. g5 h6 17. g6 O-O 18. f5 b4 19. Ne2 fxg6 {0-1 Van Wely,L-De Boer,G/
Eindhoven 1989/EXT 99 (32)}) 9... Bb7 10. f3 $5 (10. f4 $6 Rc8 11. Bd3 {
Durch Zugumstellung haben wir die Variante 6.f4 Nxd4 7.Qxd4 a6 8.Be3 b5 9.
0-0-0 Bb7 10.Bd3 Rc8 erreicht, dort aber ist Weiß am Zuge, während hier
Schwarz an der Reihe ist. Die Ursache hierfür liegt in den Zügen 7.Qd2 und 9.
Qxd4 unserer Partie, dadurch hat Weiß ein Tempo verloren.}) 10... Rc8 {[%cal
Rb5b4] Es droht 11...b4, Weiß muss also den Punkt c2 verteidigen.} 11. Rd2 (11.
a3 {Nach diesem Zug muss Weiß immer mit Bxa3 rechnen.}) (11. Bd3) 11... Nf6 12.
Be2 (12. e5 Nd5 13. Nxd5 Bxd5 14. Kb1 Qa5 15. a3 b4 $15) 12... e5 $5 {Der
Textzug schwächt das Feld d5, aber das hat hier keine Bedeutung. Schwarz kann
mit dem Ergebnis der Eröffnung zufrieden sein.} (12... d6 $11 {Weiß hat zwar
Entwicklungsvorsprung, aber die schwarze Stellung ist solide. Auf 13.g4 kann
Schwarz mit 13...h6 antworten.}) 13. Qb6 Qxb6 14. Bxb6 Bb4 $1 $36 (14... Bc5
15. Bxc5 Rxc5 $11) 15. Rd3 O-O $6 (15... Bxc3 $1 16. bxc3 (16. Rxc3 Rxc3 17.
bxc3 d5 $15) 16... d5 $15) 16. Rhd1 $13 h6 17. Bf2 Rfe8 18. Bh4 {Weiß
provoziert den Zug g7-g5 und damit die Schwächung der schwarzen Königsstellung.
} (18. Be1 $11) 18... g5 19. Bf2 (19. Be1) 19... Kg7 20. Bf1 {[%csl Yf5][%cal
Gc3e2,Ge2g3,Gg3f5] Weiß bereitet das Springermanöver Ne2-Ng3-Nf5 vor.} Bxc3 21.
bxc3 Bc6 22. Rd6 {[%csl Gd6]} Nh5 (22... Re7 {[%cal Gf6e8,Ge8d6]} 23. Bc5 Bxe4
24. Bb4 a5 25. Bxa5 $13) 23. Be3 {[%cal Gh2h4]} Nf4 24. g3 $14 {[%csl Ge3,Gf1]
Die weiße Bauernstruktur ist zwar in der Tat geschwächt, dafür verfügt Weiß
aber über aktives Figurenspiel, insbesondere sein Läuferpaar ist stark.} Ne6
25. Bh3 {[%cal Gh3f5]} Re7 26. Kb2 f6 27. Bf5 {[%mdl 2048] Schritt für Schritt
verbessert Weiß seine Stellung.} Rc7 28. h4 $40 {Die Damen befinden sich zwar
nicht mehr auf dem Brett, und dennoch bekommt Weiß Angriff am Königsflügel.}
Rb7 29. Rh1 {[%csl Rg7][%cal Gh1h7]} Re8 30. hxg5 fxg5 (30... hxg5 31. Rxc6 $1
$18 {[%cal Rh1h7,Rh7b7]} (31. Rh7+ Kg8 32. Rxc6 Nf8 33. Rxf6 Nxh7 34. Rxa6 $18)
) 31. g4 {[%csl Gd6,Ge3,Gf5,Gh1] Weiß steht positionell klar besser. Es droht
konkret das Läufermanöver Bf2-g3, mit Eroberung des Pe5.} Rc7 32. Bf2 $16 {
[%csl Re5][%cal Rf2g3,Rg3e5] Es droht 33.Bg3. Schwarz ist machtlos - wenn der
Ne6 wegzieht, hängt der Ph6.} Rh8 33. Bxe6 dxe6 34. Rxe6 {[%csl Re5]} Be8 35.
Bg3 (35. Rxe5 $18) 35... Kf7 36. Rexh6 (36. Rxa6 $18) 36... Rxh6 37. Rxh6 {
[%cal Rh6a6,Rg3e5]} Rc6 38. Rh7+ (38. Rxc6 Bxc6 39. Bxe5 $18) 38... Kg6 39. Re7
Bf7 40. Bxe5 $18 {Mit drei Mehrbauern muss Weiß gewinnen. Die ungleichfarbigen
Läufer lassen Schwarz zwar noch etwas Hoffnung, aber bei gutem Spiel muss Weiß
seinen Materialvorteil realisieren.} Re6 41. Rxe6+ Bxe6 {[%mdl 4096]} 42. a4 $1
Bc4 (42... bxa4 43. Ka3 Bd7 44. c4 $18) 43. f4 gxf4 $6 (43... Be2 $5) 44. Bxf4
Be2 45. g5 Bf3 46. axb5 axb5 47. Kb3 Be2 (47... Bxe4 48. Kb4 Bxc2 (48... Bc6
49. c4 bxc4 50. Kxc4 $18) 49. Kxb5 $18) 48. Kb4 Bf1 49. Kc5 Bc4 50. Be3 Bf1 51.
Kd6 {[%csl Gd6]} Bh3 52. e5 Kf7 53. Bb6 Bg4 (53... Kg6 54. e6 Kxg5 55. e7 $18)
54. Bd8 Bf5 55. e6+ Ke8 (55... Bxe6 56. g6+ $18) 56. Ba5 Bxc2 57. Ke5 {[%cal
Ge5f6,Gf6g7]} Bd3 58. Bb4 {[%csl Gb4,Re8][%cal Gb4f8] Der Läufer steht
ausgezeichnet auf b4 - er schneidet dem schwarzen König den Weg ab.} Bc2 59.
Kf6 {Unterstützt durch den König führt der weiße g-Bauer die Entscheidung
herbei.} Bd3 60. g6 Bc2 61. Kg7 (61. g7 Bh7) 61... Bf5 62. Bc5 $22 (62. Bc5
Bxe6 (62... Kd8 63. Kf7 $18) (62... Be4 63. Kh6 Bf5 64. g7 Bxe6 65. Kh7 $18)
63. Kh8 $18 {[%cal Rg6g7,Rg7g8]}) 1-0